000 00382nam a2200145Ia 4500
008 100122s9999 xx 000 0 und d
082 _b34230
_a823.08
100 _aआफळे सुनिती
245 _aकेवडा
260 _bआरती प्रकाशन
_c1983
300 _a164
630 _aकेवडा
730 _aकेवडा
942 _cBOOK
999 _c418068
_d418065